The succession of Shakespere's works and the use of metrical tests in settling it, &c.; being the introduction to Professor Gervinus's Commentaries on Shakespere.

Saved in:
Bibliografiske detaljer
Hovedforfatter: Furnivall, Frederick J. (Frederick James), 1825-1910
Format: Bog
Sprog:English
Udgivet: [New York, AMS Press, 1972]
Fag:
LEADER 01256nam a2200289 4500
001 c000136264
003 CARM
005 00000000000000.0
008 720320r19721874nyu 00000 eng
010 |a 76137318 //r962 
019 1 |a 180534  |5 LACONCORD2021 
020 |a 040402663X 
035 |a (OCoLC)279023  |5 LACONCORD2021 
041 1 |a engund 
050 0 0 |a PR2961  |b .F8 1972 
082 0 0 |a 822.3/3 
100 1 |a Furnivall, Frederick J.  |q (Frederick James),  |d 1825-1910. 
245 1 4 |a The succession of Shakespere's works and the use of metrical tests in settling it, &c.;  |b being the introduction to Professor Gervinus's Commentaries on Shakespere.  |c Translated by Miss Bunnett. London, Smith, Elder, 1874. 
260 |a [New York,  |b AMS Press,  |c 1972] 
300 |a xx-xlix, 1 p.  |c 23 cm. 
600 1 0 |a Shakespeare, William,  |d 1564-1616  |x Chronology. 
600 1 0 |a Shakespeare, William,  |d 1564-1616  |x Versification. 
600 1 0 |a Gervinus, Georg Gottfried,  |d 1805-1871.  |t Shakespeare. 
650 0 |a Authorship  |x Chronology. 
852 8 |b CARM  |h A2:AE38B0  |i B00821  |p 0049725  |f BK 
999 f f |i 4cd59fa6-47ee-594d-8617-80b98809a19e  |s e9b9f0c6-fcde-5d18-8805-d886e350e397 
952 f f |p Can circulate  |a CAVAL  |b CAVAL  |c CAVAL  |d CARM 1 Store  |e B00821  |f A2:AE38B0  |h Other scheme  |i book  |m 0049725